00439 a2200133 4500020001100000035001200011037004600023082001300069100001900082245008900101260005100190300003400241500003000275 c595.00 aB-79265 bRP-L-25 / UBH-03-04:SPL CH / RP-03-04:ENG14a332.63221 aBasu, Debashis1 aFace valuebcreation and destruction of shareholder value in Indiacby Debashis Basu aMumbaibKen Source Informatins Servicec(200?) axii, 366 pbillc21.5 cm (HB) athis is non dated edition